000 00365nam a2200145Ia 4500
008 260330s9999 xx 000 0 und d
020 _a9.7893259741e+012
082 _a658.812
_bSRI/C
100 _aSrivastava, Mallika
245 0 _aCustomer Relationship Management
250 _a1st
260 _aNoida
_bVikas Pub. House
_c2024
300 _a347p.
942 _cBK
999 _c53323
_d53323